• 首页
  • 本馆介绍
  • 公告通知
  • 最新文献
  • 馆藏检索
  • 电子资源
  • 读者导购
  • 参考咨询
  • 我的图书馆
  • 登录
  • 详细信息显示
  • 放入我的书架
  • 预约/预借图书
  • 作者相关作品
  • 分类相关作品
  • 丛书相关作品
  • 出版社相关作品

书目信息

  • 表格格式
  • 工作单格式
  • 卡片格式
题名:
中国粮食安全靠什么
    
 
作者: 赵农 , 茅于轼 著
分册:  
出版信息: 北京   知识产权出版社  2011.3
页数: 212页
开本: 25cm
丛书名: 对话民生热点丛书
单 册:
中图分类: F326.11
科图分类:
主题词: 粮食--问题--研究--中国
电子资源:
ISBN: 978-7-5130-0391-9
000 01076nam0 2200289 45
001 515
005 20120531161008.65
010    @a978-7-5130-0391-9@dCNY25.00
100    @a20120328d2011 em y0chiy0110 ea
101 0  @achi
102    @aCN@b110000
105    @aak a 000yy
106    @ar
200 1  @a中国粮食安全靠什么@AZhong Guo Liang Shi An Quan Kao Shi Me@f茅于轼,赵农著@FMao Yu Shi, Zhao Nong Zhu
210    @a北京@c知识产权出版社@d2011.3
215    @a212页@c图@d25cm
225 2  @a对话民生热点丛书
320    @a有书目 (第208页)
330    @a本书分为对话粮食安全、解读粮食安全两篇,内容包括:国家安全的测定——粮食安全、对粮食缺口的扫描、留下惨痛回忆的饥荒、互惠的行为方式——国际贸易、粮食安全的测定——粮食缺口、解决我国粮食短缺的国内途径等。
461  0 @12001 @a对话民生热点丛书
517 1  @a计划还是市场@AJi Hua Huan Shi Shi Chang
606 0  @a粮食@x问题@x研究@y中国
690    @aF326.11@v4
701  0 @a赵农@AZhao Nong@f1962-@4著
701  0 @a茅于轼@AMao Yu Shi@f1929-@4著
801  0 @aCN@bTSTCL@c20120328
905    @b0814741-45@dF326.11@e127@f5
    
    中国粮食安全靠什么/茅于轼,赵农著.-北京:知识产权出版社,2011.3
    212页:图;25cm.-(对话民生热点丛书)
    
    
    ISBN 978-7-5130-0391-9:CNY25.00
    本书分为对话粮食安全、解读粮食安全两篇,内容包括:国家安全的测定——粮食安全、对粮食缺口的扫描、留下惨痛回忆的饥荒、互惠的行为方式——国际贸易、粮食安全的测定——粮食缺口、解决我国粮食短缺的国内途径等。
●
相关链接 在E读中查询图书 在五车中查询图书 在当当中查询图书 在豆瓣中查询图书


正题名:中国粮食安全靠什么     索取号:F326.11/127         预约/预借

序号 登录号 条形码 馆藏地/架位号 状态 备注
1 0814741   208147414   第一样本阅览室/ [索取号:F326.11/127] 在馆    
2 0814742   208147423   第一借阅区/ [索取号:F326.11/127] 在馆    
3 0814743   208147432   第一借阅区/ [索取号:F326.11/127] 在馆    
4 0814744   208147441   第一借阅区/ [索取号:F326.11/127] 在馆    
5 0814745   208147450   第一借阅区/ [索取号:F326.11/127] 在馆    
唐山师范学院图书馆 欢迎您!
大连网信软件有限公司© 版权所有